Estadísticas para Rosco de Pasapalabra #8

Haz click aquí para intentar la prueba.

Estadísticas generales

  • Esta prueba ha sido intentada 209 veces
  • La puntuación promedio es 11 de 25

Estadísticas de respuestas

InicialDefiniciónRespuesta% Correcto
DEspecialista en la rama de la medicina que trata de las enfermedades de la pielDermatólogo
94%
AÓrgano con punta con el que pinchan e inyectan veneno algunos animales, como la avispa o el escorpiónAguijón
91%
Contiene la ÑCada uno de los pelos que hay en los bordes de los párpados, para defensa de los ojosPestaña
86%
RSegunda nota musical de la escala de do mayorRe
83%
CGran toldo que cubre un circo o cualquier otro recinto amplioCarpa
81%
NHundirse o irse a pique una embarcaciónNaufragar
74%
HSuposición de algo posible o imposible para sacar de ello una consecuenciaHipótesis
70%
Contiene la YPersona que escucha las emisiones de radioRadioyente
66%
EEn la filosofía griega, cada uno de los cuatro principios que componen el universo: tierra, agua, aire y fuegoElemento
62%
LTira de piel que suelen tener los zapatos en la parte del cierre por debajo de los cordonesLengüeta
62%
TPorción de agua u otro líquido, que se bebe o se puede beber de una vezTrago
61%
BAcción de hablar o leer con pronunciación dificultosa, tarda y vacilante, trastocando a veces las letras o las sílabasBalbuceo
51%
IQue no cree con facilidad y a la ligeraIncrédulo
46%
OInformática aplicada al trabajo de oficinaOfimática
42%
SSeparar y marginar a una persona o a un grupo de personas por motivos sociales, políticos o culturalesSegregar
38%
UProducir sonido el vientoUlular
34%
PSe dice del color que es semejante al de la tierra o al de la cáscara de la castaña, y tira a marrón rojizoPardo
28%
ZDesaseado, andrajoso, desaliñado y rotoZarrapastroso
26%
JVino seco y dulce, de alta graduación, originario de la Región de MurciaJumilla
14%
Contiene la XBatidora eléctricaTurmix
10%
FDibujo de una prenda de vestir que se emplea como modelo para realizar su confecciónFigurín
7%
GTúnica sin mangas, de seda o de piel, que vestían a veces los caballeros sobre la armaduraGonela
2%
VEn botánica, disposición de las hojas en el interior de la yemaVernación
2%
Contiene la QApellido del arquitecto que diseñó el Mercado de Sants en la ciudad de BarcelonaFalques
1%
MCabo de Cuba que forma el extremo más oriental de la islaMaisi
1%

Distribución de puntuación

Porcentaje por número respondido

Porcentaje de gente con cada puntuación

Historial de tus puntuaciones

No has intentado esta prueba.